Caricamento...
Men are from mars and women are from venus
| Autore principale: | |
|---|---|
| Natura: | Printed Book |
| Pubblicazione: |
2016.0
|
| LEADER | 00307nam a2200109 4500 | ||
|---|---|---|---|
| 082 | |||
| 100 | |a John Gray | ||
| 245 | |a Men are from mars and women are from venus |c John Gray | ||
| 260 | |a 2016.0 | ||
| 942 | |c BK | ||
| 999 | |c 198958 |d 198958 | ||
| 952 | |0 0 |1 0 |4 0 |7 0 |9 212307 |a DCI |b DCI |d 2019-10-29 |l 0 |p DCI5691 |r 2019-10-29 |w 2019-10-29 |y BK | ||